Investment in construction industry (Record no. 77960)

MARC details
000 -LEADER
fixed length control field 01025cab a2200205 4500
001 - CONTROL NUMBER
control field ##L135642
008 - FIXED-LENGTH DATA ELEMENTS--GENERAL INFORMATION
fixed length control field 061121n2006 000 0 eng u
035 ## - SYSTEM CONTROL NUMBER
System control number (Sirsi) u135642
041 0# - LANGUAGE CODE
Language code of text/sound track or separate title eng
110 2# - MAIN ENTRY--CORPORATE NAME
Corporate name or jurisdiction name as entry element Scotland
Subordinate unit Scottish Executive
9 (RLIN) 4769
245 00 - TITLE STATEMENT
Title Investment in construction industry
260 ## - PUBLICATION, DISTRIBUTION, ETC.
Date of publication, distribution, etc. 2006
490 #0 - SERIES STATEMENT
Series statement Scottish Executive News Release
Volume/sequential designation 17 November 2006
520 ## - SUMMARY, ETC.
Summary, etc. Financial backing has been agreed to establish a Scottish Construction Centre of Excellence. The centre will be up and running in 2007 and will drive forward construction quality, modernisation and best practice. The Scottish construction industry generates nearly £10bn per annum in sales and turnover, employs around 200 000 people, and represents about 10% of the country's GDP.
590 ## - LOCAL NOTE (RLIN)
Local note KA
651 #4 - SUBJECT ADDED ENTRY--GEOGRAPHIC NAME
Geographic name Scotland
Chronological subdivision 1999-
690 ## - LOCAL SUBJECT ADDED ENTRY--TOPICAL TERM (OCLC, RLIN)
Topical term or geographic name as entry element BUILT ENVIRONMENT-CONSTRUCTION MARKET
856 ## - ELECTRONIC LOCATION AND ACCESS
Uniform Resource Identifier <a href="https://www.scotland.gov.uk/News/Releases/2006/11/17101334">https://www.scotland.gov.uk/News/Releases/2006/11/17101334</a>
Public note View the item free of charge at www.scotland.gov.uk...
942 ## - ADDED ENTRY ELEMENTS (KOHA)
Suppress in OPAC 0
Holdings
Withdrawn status Lost status Source of classification or shelving scheme Damaged status Not for loan Home library Current library Shelving location Date acquired Total Checkouts Full call number Barcode Date last seen Copy number Price effective from Koha item type
    Dewey Decimal Classification     Virtual Virtual Online 21/11/2006   ONLINE PUBLICATION 135642-2001 06/08/2019 1 06/08/2019 Journal article